000 00545nam a2200193Ia 4500
008 151121s9999||||xx |||||||||||||| ||und||
082 _a 080/OSB
082 _bHNW-67987
100 _aOsborne Arthur -Edi
245 4 _aThe Collected Works Of Raman Maharshi
260 _b"Sri Ramanashramam, Tiruvannamalai"
260 _c--
300 _a307
600 _aOsborne Arthur -Edi
630 _aThe Collected Works Of Raman Maharshi
700 _aOsborne Arthur -Edi
730 _aThe Collected Works Of Raman Maharshi
942 _cBOOK
999 _c1249481
_d1249478